000 00503nam a22001097a 4500
008 230602b xxu||||| |||| 00| 0 eng d
082 _a172
_bCAR
100 _cGiuseppe Caramazza
245 _aThe Catholic University of Eastern Africa Faculty of Arts and Social Sciences Department of Religious Studies
_bInfluence of Religious Ideologies and Religious Leaders on Politicians' Ethical and Transformative Choices with Special Reference to Kenyan Members of Parliament
300 _a201 pages
942 _2ddc
_cBK
999 _c147
_d147